Burt and Eklund's Dentistry, Dental Practice and the Community (Record no. 22817)
[ view plain ]
| 000 -LEADER | |
|---|---|
| fixed length control field | 00430nam a22001697a 4500 |
| 003 - CONTROL NUMBER IDENTIFIER | |
| control field | SGT |
| 020 ## - INTERNATIONAL STANDARD BOOK NUMBER | |
| International Standard Book Number | 9780323554848 |
| 082 ## - DEWEY DECIMAL CLASSIFICATION NUMBER | |
| Classification number | 617.6 |
| Item number | D22M |
| 100 ## - MAIN ENTRY--PERSONAL NAME | |
| Personal name | Mascarenhans, Ana Karina |
| 245 ## - TITLE STATEMENT | |
| Title | Burt and Eklund's Dentistry, Dental Practice and the Community |
| 250 ## - EDITION STATEMENT | |
| Edition statement | 7th |
| 260 ## - PUBLICATION, DISTRIBUTION, ETC. (IMPRINT) | |
| Name of publisher, distributor, etc | Elsevier |
| Year of Publication | 2022 |
| 300 ## - PAGE DESCRIPTION | |
| No. of Pages | 334 |
| 650 ## - SUBJECT ADDED ENTRY--TOPICAL TERM | |
| Topical term or geographic name as entry element | Dentistry; Dental Practice |
| 653 ## - KEYWORDS--INDEX TERM | |
| Keyword term | Dentistry; Dental Practice |
| 942 ## - ADDED ENTRY ELEMENTS (KOHA) | |
| Source of classification or shelving scheme | Dewey Decimal Classification |
| Koha item type | Books |
| Withdrawn status | Lost status | Source of classification or shelving scheme | Damaged status | Not for loan | Home library | Current library | Date acquired | Vendor Name | Cost, normal purchase price | SGTU | Bill Number | Full call number | Accession No. (Barcode) | Date last seen | Bill Date | Koha item type |
|---|---|---|---|---|---|---|---|---|---|---|---|---|---|---|---|---|
| Dewey Decimal Classification | Not For Loan | SGT Dental Library | SGT Dental Library | 10/06/2022 | Ahuja Book Co. Pvt. Ltd. | 6556.00 | SGTU | 14353 | 617.6 D22M | FD8877 | 10/06/2022 | 16/04/2022 | Books | |||
| Dewey Decimal Classification | SGT Dental Library | SGT Dental Library | 10/06/2022 | Ahuja Book Co. Pvt. Ltd. | 6556.00 | SGTU | 14353 | 617.6 D22M | FD8878 | 10/06/2022 | 16/04/2022 | Books |